000 01057nam a2200229Ia 4500
001 L220-4495
003 IT-CnALBA
008 170116s9999||||xx |||||||||||||| ||und||
040 _aIT-CnALBA
_cIT-CnALBA
041 _aFRANCESE
100 _aLUSSEAU ABATE
245 0 _aMANUEL D'ETUDES BIBLIQUES. LES EVANGILES. TOME IV.
250 _a2a ed.
260 _a PARIS
_bTEQUI PIERRE, LIBRAIRIE-EDITEUR
_c1938 [1° Ed.: n.d.]
300 _a916 p. (prefazione: 57)
500 _aMANUALE DI STUDI BIBLICI. I VANGELI. INDICI. NOZIONI GENERALI. INTRODUZIONE AI VANGELI. ANALISI E COMMENTO. VITA PUBBLICA DI GESÙ. VIAGGIO A GERUSALEMME. MORTE E RISURREZIONE.
501 _aSocietà San Paolo EM - Piazza San Paolo, 14 - 12051 ALBA (CN) (non commercial uses only) ® Copyright 2017
520 _aMANUALE DI STUDI BIBLICI. I VANGELI. INDICI. NOZIONI GENERALI. INTRODUZIONE AI VANGELI. ANALISI E COMMENTO. VITA PUBBLICA DI GESÙ. VIAGGIO A GERUSALEMME. MORTE E RISURREZIONE.
650 _aBIBBIA - TESTI E COMMENTI
942 _cBK
957 _71
999 _a5472
_bSI
_g Copie: 1
_c263680
_d263680